00836nam a22002295i 4500001000700000003000900007005001700016008004100033080000900074080001300083100002400096245015800120260005300278300002100331490005700352650003000409650002800439710002900467830004300496852004100539852002600580176457ES-MaACL20250829131836.0110117s1967 sp |||| | spa d a2:37 a27-534.41 aMathieu, Dominique.13aLa parábola del amigo importuno b: orientaciones bíblicas y reflexiones pedagógicas para una catequesis de la oración / cpor Dominique Mathieu. aMadrid : bApostolado de la prensa, cimp. 1967. a20 p. ; c23 cm.1 aCuadernos de pedagogía religiosa. Escritura ; v14 4aReligión-xEnseñanza. aParábolas cristianas.0 aApostolado de la Prensa.00aCuadernos de pedagogía religiosav14 aES-MaACLjE-14073 (14) xOlim P-1242 aES-MaACLjC-37117(14)